000 00570nam a2200229Ia 4500
003 OSt
005 20220924143727.0
006 a|||||r|||| 00| 0
007 ta
008 220923b |||||||| |||| 00| 0 urd d
024 _a309902
037 _cTextual
040 _aARTS
_cARTS
_burd
041 _2urd
_aurd
082 _aO168wNBAQ, N2
100 _aRubi Ahmed Aqeel
_9216694
245 0 _aBaqar sahib
260 _c1992
650 _aURDU LITERATURE
942 _hO168wNBAQ, N2
_cTEXL
_2CC
999 _c455545
_d455545